• 首页
  • 本馆介绍
  • 公告通知
  • 最新文献
  • 馆藏检索
  • 电子资源
  • 读者导购
  • 参考咨询
  • 我的图书馆
  • 登录
  • 详细信息显示
  • 放入我的书架
  • 预约/预借图书
  • 作者相关作品
  • 分类相关作品
  • 丛书相关作品
  • 出版社相关作品

书目信息

  • 表格格式
  • 工作单格式
  • 卡片格式
题名:
枫叶集
    
 
作者: 苑枫 著
分册:  
出版信息: 哈尔滨   黑龙江人民出版社  2016
页数: 277页
开本: 24cm
丛书名:
单 册:
中图分类: I227.1 , I267
科图分类:
主题词: 新诗--诗集--中国--当代 , 散文集--中国--当代
电子资源:
ISBN: 978-7-207-10727-5
000 00607nam0 2200229 450
001 2332968458
005 20231110113013.34
010    @a978-7-207-10727-5@dCNY45.00
100    @a20160826d2016 em y0chiy50 ea
101 0  @achi
102    @aCN@b230000
105    @aa z 000zy
200 1  @a枫叶集@Afeng ye ji@f苑枫著
210    @a哈尔滨@c黑龙江人民出版社@d2016
215    @a277页@c照片@d24cm
606 0  @a新诗@x诗集@y中国@z当代
606 0  @a散文集@y中国@z当代
690    @aI227.1@v5
690    @aI267@v5
701  0 @a苑枫@Ayuan feng@4著
801  0 @aCN@b安徽时代@c20230923
905    @aBZT@dI227.1@e7
    
    枫叶集/苑枫著.-哈尔滨:黑龙江人民出版社,2016
    277页:照片;24cm
    
    
    ISBN 978-7-207-10727-5:CNY45.00
    
●
相关链接 在五车中查询图书 在当当中查询图书 在豆瓣中查询图书


正题名:枫叶集     索取号:I227.1/7         预约/预借

序号 登录号 条形码 馆藏地/架位号 状态 备注
1 2000915779   2000915779   第四书库/四12架B面1层1列/ [索取号:I227.1/7] 在馆    
2 2000915780   2000915780   第四书库/四12架B面1层1列/ [索取号:I227.1/7] 在馆    
3 2000915781   2000915781   第四书库/四12架B面1层1列/ [索取号:I227.1/7] 在馆    
4 2000915782   2000915782   第四书库/四12架B面1层1列/ [索取号:I227.1/7] 在馆    
5 2000915783   2000915783   第四书库/四12架B面1层1列/ [索取号:I227.1/7] 在馆    
6 2000915784   2000915784   第四书库/四12架B面1层1列/ [索取号:I227.1/7] 在馆    
山东省滨州职业学院图书馆 欢迎您!
大连网信软件有限公司© 版权所有